000 01327nam0a2200325 4500
001 RU\NLR\bibl\1974261
005 20250616210318.0
010 _a978-5-9963-0841-5
_92000
021 _aRU
_b2012-88109
_96519
035 _a(NLR Aleph) 001963059
090 _a3852049
_c3852049
100 _a20121203d2012 |||y0rusy50 ca
101 1 _arus
_ceng
102 _aRU
105 _aa |||||||||
200 1 _aВремя - деньги
_eконкурентное преимущество быстрореагирующего производства
_fР. Сури
_gпер. с англ. В.В. Дедюхина
210 _aМосква
_cБИНОМ. Лаборатория знаний
_d[2012] (макет 2013]
215 _a326 с.
_cил.
_d22
300 _aЗагл. и авт. ориг.: It's about time / Rajan Suri
320 _aБиблиогр. в тексте
454 0 _12001#$aIt's about time
_1700#1$aSuri$bR.$gRajan$4070
_tIt's about time
_aSuri, Rajan
606 1 _aПредприятия
_xКонкурентоспособность
_xУправление
_92358717
_3RU\NLR\auth\661408683
686 _aУ5-13
700 1 _aСури
_bР.
_gРаджан
_4070
801 0 _aRU
_bNLR
_c20121203
_gRCR
801 1 _aRU
_bNLR
_c20121203
830 _aавт. по кн.
942 _cBOOK
980 _aNB